Zákazník je kočka

Ako funguje klasická reklama. Sebavedomý zákazník - spotrebiteľ. Zákazníci chcú spoluvytvárať médiá. Používatelia informácií sú zároveň aj dodávateľmi informácií. Kto sú kľúčoví ovplyvňovatelia verejnej mienky. Autenticita - základ dôveryhodnosti. Ako by mala fungovať komunikácia so zákazníkom v blí...

Full description

Saved in:
Bibliographic Details
Main Author: Strerath, Thomas
Other Authors: Poser, Ralph
Format: Book Chapter
Language:Czech
Subjects:
Tags: Add Tag
No Tags, Be the first to tag this record!

MARC

LEADER 00000naa$a2200000$$$4500
001 0116005
005 20231213140133.7
041 0 |a cze 
044 |a CZ 
245 1 0 |a Zákazník je kočka  |c Thomas Strerath, Ralph Poser 
520 |a Ako funguje klasická reklama. Sebavedomý zákazník - spotrebiteľ. Zákazníci chcú spoluvytvárať médiá. Používatelia informácií sú zároveň aj dodávateľmi informácií. Kto sú kľúčoví ovplyvňovatelia verejnej mienky. Autenticita - základ dôveryhodnosti. Ako by mala fungovať komunikácia so zákazníkom v blízkej budúcnosti. 
610 2 0 |a zákazníci 
610 2 0 |a správanie spotrebiteľa 
610 2 0 |a reklama 
610 2 0 |a komunikácia 
610 2 0 |a informácie 
610 2 0 |a značky výrobné 
610 2 0 |a firmy 
610 2 0 |a obchod 
610 2 0 |a médiá 
100 1 |a Strerath, Thomas 
700 1 |a Poser, Ralph